[Event "Commonwealth-ch U14"]
[Site "New Delhi"]
[Date "2018.06.26"]
[Round "1"]
[White "Panda, Sambit"]
[Black "Nikam, Sudhanshu"]
[Result "1-0"]
[WhiteElo "2187"]
[BlackElo "1600"]
[PlyCount "61"]
[EventDate "2018.06.26"]
[EventType "swiss"]
[EventRounds "7"]
[EventCountry "IND"]
[SourceTitle "EXT 2019"]
[Source "ChessBase"]
[SourceDate "2018.10.10"]
[SourceVersion "1"]
[SourceVersionDate "2018.10.10"]
[SourceQuality "1"]

1. Nf3 d5 2. d4 Nf6 3. c4 e6 4. Nc3 Be7 5. Bf4 0-0 6. a3 b6 7. cxd5 Nxd5 8. Nxd5 exd5 9. g3 Bf5 10. Bg2 Bd6 11. Ne5 Be4 12. f3 Bf5 13. e4 Be6 14. 0-0 c5 15. Nd3 cxd4 16. e5 Be7 17. Qa4 f6 18. Rfe1 Bf5 19. Rad1 Nd7 20. Qxd4 Nc5 21. Nf2 Be6 22. b4 Nb7 23. exf6 Bxf6 24. Be5 Nd6 25. f4 Nf5 26. Qd3 Ne7 27. Bxf6 Rxf6 28. Ne4 Rf8 29. Ng5 Bf5 30. Qe2 Re8 31. Qe5 1-0

[Event "IND-ch U11 30th"]
[Site "India"]
[Date "2016.07.05"]
[Round "10"]
[White "Manish, Kumar7777"]
[Black "Nikam, Sudhanshu"]
[Result "0-1"]
[WhiteElo "1675"]
[BlackElo "1459"]
[PlyCount "114"]
[EventDate "2016.06.28"]
[EventType "swiss"]
[EventRounds "11"]
[EventCountry "IND"]
[SourceTitle "CBM 173 Extra"]
[Source "ChessBase"]
[SourceDate "2016.08.29"]
[SourceVersion "1"]
[SourceVersionDate "2016.08.29"]
[SourceQuality "1"]

1. e4 c6 2. d4 d5 3. Nc3 dxe4 4. Nxe4 Nf6 5. Ng3 g6 6. Nf3 Bg7 7. Bd3 Bg4 8. Be3 0-0 9. c4 Nbd7 10. h3 Bxf3 11. Qxf3 e5 12. 0-0 Re8 13. Rfe1 Qa5 14. Qd1 Rad8 15. Bf1 Qc7 16. Qb3 b6 17. dxe5 Nxe5 18. Bf4 Nfd7 19. Qc2 Nf3+ 20. gxf3 Qxf4 21. Kg2 Ne5 22. Qe4 Qd2 23. Rad1 Qxb2 24. f4 f5 25. Qe3 Nf7 26. Qxe8+ Rxe8 27. Rxe8+ Bf8 28. c5 Kg7 29. cxb6 axb6 30. Bc4 Nd6 31. Re2 Qb4 32. Bb3 Qxf4 33. Rg1 Ne4 34. Nxe4 fxe4 35. Rge1 Bd6 36. Rxe4 Qh2+ 37. Kf3 Qxh3+ 38. Ke2 Qh5+ 39. f3 Bg3 40. Rf1 Qb5+ 41. Bc4 Qb2+ 42. Kd1 Qb1+ 43. Kd2 Qb2+ 44. Kd1 b5 45. Bb3 Qg2 46. Re7+ Kf8 47. Rf7+ Ke8 48. Re1+ Bxe1 49. Kxe1 Qg3+ 50. Ke2 Qe5+ 51. Kf2 Qb2+ 52. Ke3 Qxb3+ 53. axb3 Kxf7 54. Kd4 Ke6 55. Ke4 c5 56. f4 h5 57. Ke3 h4 0-1

[Event "IND-ch U11 30th"]
[Site "India"]
[Date "2016.07.02"]
[Round "7"]
[White "Sadhwani, Raunak"]
[Black "Nikam, Sudhanshu"]
[Result "1-0"]
[WhiteElo "2084"]
[BlackElo "1459"]
[PlyCount "120"]
[EventDate "2016.06.28"]
[EventType "swiss"]
[EventRounds "11"]
[EventCountry "IND"]
[SourceTitle "CBM 173 Extra"]
[Source "ChessBase"]
[SourceDate "2016.08.29"]
[SourceVersion "1"]
[SourceVersionDate "2016.08.29"]
[SourceQuality "1"]

1. e4 c6 2. d4 d5 3. e5 Bf5 4. Nf3 e6 5. Be2 a6 6. 0-0 c5 7. Be3 Nd7 8. Nbd2 cxd4 9. Bxd4 Bc5 10. Nb3 Rc8 11. Bxc5 Nxc5 12. Nbd4 Be4 13. c3 Ne7 14. Nd2 Bd3 15. Kh1 h5 16. f4 Bg6 17. Rf3 Nf5 18. Rh3 h4 19. Nxf5 Bxf5 20. Bg4 Nd3 21. Qa4+ b5 22. Qd4 Bxg4 23. Rxd3 h3 24. g3 Qc7 25. a4 Qb7 26. Kg1 0-0 27. b4 Rc7 28. Re3 Rfc8 29. Kf2 Rxc3 30. Rxc3 Rxc3 31. Qxc3 d4 32. Qd3 Qg2+ 33. Ke1 Qg1+ 34. Nf1 Bf5 35. Qe2 d3 36. Qf2 Qg2 37. Qxg2 hxg2 38. Kf2 gxf1Q+ 39. Kxf1 bxa4 40. Ke1 Be4 41. Rxa4 Bb7 42. Kd2 Kh7 43. Kxd3 Bc6 44. Ra1 Bb5+ 45. Ke3 Kg6 46. g4 Kh6 47. h4 g6 48. Rc1 Kg7 49. Rc7 Bf1 50. h5 Bh3 51. Kf3 Bf1 52. h6+ Kg8 53. Kg3 Be2 54. Kh4 Bf3 55. Kg5 Be2 56. Ra7 Bf3 57. Rxa6 Be2 58. Ra7 Bf3 59. b5 Be2 60. b6 Bf3 1-0

[Event "Mumbai Wealth op U13"]
[Site "Mumbai"]
[Date "2016.02.02"]
[Round "6"]
[White "Nikam, Sudhanshu"]
[Black "Ghelani, Dhairya"]
[Result "0-1"]
[WhiteElo "1528"]
[BlackElo "1615"]
[PlyCount "82"]
[EventDate "2016.01.28"]
[EventType "swiss"]
[EventRounds "9"]
[EventCountry "IND"]
[SourceTitle "CBM 170 Extra"]
[Source "ChessBase"]
[SourceDate "2016.02.25"]
[SourceVersion "1"]
[SourceVersionDate "2016.02.25"]
[SourceQuality "1"]

1. e4 c5 2. Nf3 e6 3. d4 cxd4 4. Nxd4 a6 5. Nc3 Qc7 6. Bd3 Nf6 7. 0-0 Be7 8. Be3 0-0 9. f4 d6 10. Kh1 Nc6 11. Qf3 Nxd4 12. Bxd4 e5 13. Be3 exf4 14. Bxf4 Be6 15. Rae1 Nd7 16. Nd5 Bxd5 17. exd5 Bf6 18. Re3 Rfe8 19. c3 Ne5 20. Bxe5 Rxe5 21. Rxe5 Bxe5 22. Qg4 g6 23. Rf3 Bg7 24. Qh4 Re8 25. Qf2 Re5 26. Kg1 Qe7 27. Qa7 Bh6 28. Qb8+ Kg7 29. c4 Re1+ 30. Bf1 Qe3+ 31. Rf2 Rxf1+ 32. Kxf1 Qc1+ 33. Ke2 Qd2+ 34. Kf3 Qe3+ 35. Kg4 Qxf2 36. Qxd6 Qxg2+ 37. Qg3 Qe4+ 38. Kh3 Bf4 39. Qc3+ Be5 40. Qd2 Qf3+ 41. Kh4 Qh5# 0-1

[Event "Mumbai Wealth op U13"]
[Site "Mumbai"]
[Date "2016.02.01"]
[Round "5"]
[White "Shah, Sparsh"]
[Black "Nikam, Sudhanshu"]
[Result "0-1"]
[WhiteElo "1188"]
[BlackElo "1528"]
[PlyCount "128"]
[EventDate "2016.01.28"]
[EventType "swiss"]
[EventRounds "9"]
[EventCountry "IND"]
[SourceTitle "CBM 170 Extra"]
[Source "ChessBase"]
[SourceDate "2016.02.25"]
[SourceVersion "1"]
[SourceVersionDate "2016.02.25"]
[SourceQuality "1"]

1. e4 e5 2. Nf3 Nf6 3. Nc3 Bb4 4. d3 d5 5. Bd2 d4 6. Ne2 Bxd2+ 7. Qxd2 Nc6 8. Ng3 Bg4 9. Be2 h6 10. h3 Be6 11. 0-0 Qd7 12. Kh2 g5 13. Kg1 Ke7 14. Nh2 Rag8 15. Qd1 h5 16. Nxh5 Nxh5 17. Bxh5 Bxh3 18. Qf3 Be6 19. Bg4 Rxh2 20. Bxe6 Qxe6 21. Kxh2 g4 22. Qg3 Qh6+ 23. Kg1 Rh8 24. f4 gxf3 25. Qxf3 f6 26. a3 Nd8 27. Qf5 Ne6 28. Rae1 c5 29. Rf3 Nf4 30. Rxf4 Qxf4 31. Qxf4 exf4 32. Rf1 Rh4 33. Kf2 Ke6 34. Kf3 Ke5 35. Rg1 Rh7 36. Rf1 Rh4 37. Rg1 Rh7 38. Rf1 b6 39. Rg1 b5 40. g3 fxg3 41. Rxg3 Rh2 42. Rg2 Rxg2 43. Kxg2 Kf4 44. Kf2 a5 45. b3 a4 46. bxa4 bxa4 47. Ke2 Kg3 48. Ke1 Kf3 49. Kf1 Ke3 50. Ke1 c4 51. dxc4 Kxe4 52. Ke2 f5 53. Kf2 Ke5 54. Kf3 Kd6 55. Kf4 Kc5 56. Kxf5 Kxc4 57. Ke5 Kc3 58. Ke4 Kb2 59. Kd3 Kxa3 60. c4 Kb3 61. c5 a3 62. c6 a2 63. c7 a1Q 64. c8Q Qc3+ 0-1